| 000 | 01034nam a2200277 a 4500 | ||
|---|---|---|---|
| 999 |
_c346776 _d346776 |
||
| 003 | BLK | ||
| 005 | 20250516091153.0 | ||
| 008 | 181218b bu |||gr|||| 00| 0 bu d | ||
| 020 | _a978-954-8633-40-6 | ||
| 040 | _aBLK | ||
| 041 |
_aBUL _cBUL |
||
| 080 |
_aБългарска литература _b821.163.2 _x-32 _z821.163.2-32 |
||
| 100 |
_aЦанев, Явор Богомилов _d1971- _9381955 |
||
| 139 |
_aЦанев, Явор Богомилов _bЦ 16 |
||
| 245 |
_aСлънчогледите _bРазкази _cЯвор Цанев |
||
| 260 |
_9214217 _aРусе _bGaiana Book Art Studio _n978-619-7354- ; 978-954-92465- ; 978-954-8633- ; 978-954-903 _c2014 |
||
| 300 |
_a184 с. _c22 см |
||
| 380 | _aX | ||
| 700 |
_91311 _aИлиева, Кети _eред. _gИлиева, Кирилка Христова |
||
| 852 |
_bП _cП 886.7-32/Ц 16 |
||
| 852 |
_bК _cК 821.163.2/Ц 16 Я |
||
| 942 |
_cKNG _n0 _s1 _06 |
||
| 999 | _d346776 | ||
| 999 | _d346776 | ||
| 944 |
_k30542 _lРусанова Ирена |
||